Pablo Cézanne (Record no. 176838)

MARC details
000 -LEADER
campo de control de longitud fija 00928nam a22002535i 4500
001 - NÚMERO DE CONTROL
campo de control 176838
003 - IDENTIFICADOR DE NÚMERO DE CONTROL
campo de control ES-MaACL
005 - FECHA Y HORA DE LA ÚLTIMA TRANSACCIÓN
campo de control 20250605123847.0
008 - DATOS DE LONGITUD FIJA--INFORMACIÓN GENERAL
campo de control de longitud fija 110214s1957 sp af |||| | spa d
080 ## - NÚMERO DE LA CLASIFICACIÓN DECIMAL UNIVERSAL
Número de la Clasificación Decimal Universal 75 Cézanne, Paul
100 1# - ENTRADA PRINCIPAL--NOMBRE DE PERSONA
Nombre de persona Rousseau, Théodore.
9 (RLIN) 145177
245 10 - MENCIÓN DEL TÍTULO
Título Pablo Cézanne
Resto del título : (1839-1906) /
Mención de responsabilidad, etc. texto de Théodore Rousseau ; traducción de R. Santos Torroella.
260 ## - PUBLICACIÓN, DISTRIBUCIÓN, ETC.
Lugar de publicación, distribución, etc. Barcelona :
Nombre del editor, distribuidor, etc. Timun Mas,
Fecha de publicación, distribución, etc. cop. 1957.
300 ## - DESCRIPCIÓN FÍSICA
Extensión [1] h. , [72] p. :
Otras características físicas il. , lám. col. y n. , algunas pleg. ;
Dimensiones 18 cm.
490 1# - MENCIÓN DE SERIE
Mención de serie El libro de arte de bolsillo
500 ## - NOTA GENERAL
Nota general Encuadernado con otros títulos.
504 ## - NOTA DE BIBLIOGRAFÍA, ETC.
Nota de bibliografía, etc. Bibliografía: p. [72]
597 ## - NOTA DE DESCRIPCIÓN FÍSICA
NOTA DE DESCRIPCIÓN FÍSICA En el lomo: Tomos VII-XI.
600 14 - PUNTO DE ACCESO ADICIONAL DE MATERIA--NOMBRE DE PERSONA
Nombre de persona Cézanne, Paul,
Fechas asociadas al nombre 1839-1906
9 (RLIN) 240803
700 0# - ENTRADA AGREGADA--NOMBRE PERSONAL
Nombre de persona Santos Torroella, Rafael.
9 (RLIN) 103536
830 0# - PUNTO DE ACCESO ADICIONAL DE SERIE-TÍTULO UNIFORME
Título uniforme El libro de arte de bolsillo
9 (RLIN) 183601
852 ## - LOCALIZACIÓN
Ubicación ES-MaACL
Número de control de estantería E-14306 (10)
Encuadernación Olim P-144
Holdings
Estatus retirado Estado de pérdida Estado de daño No para préstamo Biblioteca de origen Biblioteca actual Ubicación en estantería Fecha de adquisición Fuente de adquisición Total de préstamos Signatura topográfica completa Código de barras Visto por última vez Precio de reemplazo Tipo de ítem Koha
        Biblioteca del Ateneo de Madrid Biblioteca del Ateneo de Madrid Depósito 2 14/02/2011     E-14306 (10) 1185729 23/02/2023 23/02/2023 Libro impreso